{"text_format":"3","workbook":"xlsx","n_sheets":1,"sheets":["Worksheet"],"read":"whole","date_system":"1900"}

{"sheet":"Worksheet","index":0,"n_rows":41,"n_cols":18,"rows_kept":41}
["№","Код участника","Название ОУ","Фамилия","Имя","Отчество","Пол","Участник с ОВЗ","Класс","Класс участия","Балл","Макс. балл","Статус","Призер МЭ прошлого года","Учитель","Место работы учителя","Направления и виды практик по технологии","Предмет"]
[199890,"401007_16755304888_21","МБОУ \"СОШ №7\" НМР РТ","Владимиров","Вадим","Александрович","М","нет",6,6,51,100,"призер",null,"Сидорова Ольга Николаевна","Муниципальное бюджетное общеобразовательное учреждение \"Средняя общеобразовательная школа №7\" Нижнекамского Муниципального района Республики Татарстан",null,"История"]
[199891,"401007_16381026250_21","МБОУ \"СОШ №7\" НМР РТ","Гараева","Амилия","Ильмировна","Ж","нет",6,6,42,100,"участник",null,"Сидорова Ольга Николаевна","Муниципальное бюджетное общеобразовательное учреждение \"Средняя общеобразовательная школа №7\" Нижнекамского Муниципального района Республики Татарстан",null,"История"]
[199892,"401007_16776935435_21","МБОУ \"СОШ №7\" НМР РТ","Григоревский","Арсений","Витальевич","М","нет",6,6,38,100,"участник",null,"Сидорова Ольга Николаевна","Муниципальное бюджетное общеобразовательное учреждение \"Средняя общеобразовательная школа №7\" Нижнекамского Муниципального района Республики Татарстан",null,"История"]
[199893,"401007_16859079934_21","МБОУ \"СОШ №7\" НМР РТ","Гурьянова","Дарья","Валерьевна","Ж","нет",6,6,32,100,"участник",null,"Сидорова Ольга Николаевна","Муниципальное бюджетное общеобразовательное учреждение \"Средняя общеобразовательная школа №7\" Нижнекамского Муниципального района Республики Татарстан",null,"История"]
[199894,"401007_16823847300_21","МБОУ \"СОШ №7\" НМР РТ","Демидов","Иван","Максимович","М","нет",6,6,20,100,"участник",null,"Сидорова Ольга Николаевна","Муниципальное бюджетное общеобразовательное учреждение \"Средняя общеобразовательная школа №7\" Нижнекамского Муниципального района Республики Татарстан",null,"История"]
[199895,"401007_16651604368_21","МБОУ \"СОШ №7\" НМР РТ","Зыков","Дмитрий","Эдуардович","М","нет",6,6,18,100,"участник",null,"Сидорова Ольга Николаевна","Муниципальное бюджетное общеобразовательное учреждение \"Средняя общеобразовательная школа №7\" Нижнекамского Муниципального района Республики Татарстан",null,"История"]
[199896,"401007_16867904733_21","МБОУ \"СОШ №7\" НМР РТ","Иващенко","Иван","Алексеевич","М","нет",6,6,15,100,"участник",null,"Сидорова Ольга Николаевна","Муниципальное бюджетное общеобразовательное учреждение \"Средняя общеобразовательная школа №7\" Нижнекамского Муниципального района Республики Татарстан",null,"История"]
[199897,"401007_16861553498_21","МБОУ \"СОШ №7\" НМР РТ","Исламова","Ярослава","Эдуардовна","Ж","нет",6,6,13,100,"участник",null,"Сидорова Ольга Николаевна","Муниципальное бюджетное общеобразовательное учреждение \"Средняя общеобразовательная школа №7\" Нижнекамского Муниципального района Республики Татарстан",null,"История"]
[199898,"401007_16763485207_21","МБОУ \"СОШ №7\" НМР РТ","Каргалев","Кирилл","Сергеевич","М","нет",6,6,10,100,"участник",null,"Сидорова Ольга Николаевна","Муниципальное бюджетное общеобразовательное учреждение \"Средняя общеобразовательная школа №7\" Нижнекамского Муниципального района Республики Татарстан",null,"История"]
[199899,"401007_16651602869_21","МБОУ \"СОШ №7\" НМР РТ","Карев","Матвей","Сергеевич","М","нет",6,6,8,100,"участник",null,"Сидорова Ольга Николаевна","Муниципальное бюджетное общеобразовательное учреждение \"Средняя общеобразовательная школа №7\" Нижнекамского Муниципального района Республики Татарстан",null,"История"]
[199900,"401007_16241476452_21","МБОУ \"СОШ №7\" НМР РТ","Антипина","Любовь","Евгеньевна","Ж","нет",7,7,78,100,"победитель",null,"Сидорова Ольга Николаевна","Муниципальное бюджетное общеобразовательное учреждение \"Средняя общеобразовательная школа №7\" Нижнекамского Муниципального района Республики Татарстан",null,"История"]
[199901,"401007_15810377966_21","МБОУ \"СОШ №7\" НМР РТ","Сергеева","Алина","Вячеславовна","Ж","нет",7,7,72,100,"призер",null,"Сидорова Ольга Николаевна","Муниципальное бюджетное общеобразовательное учреждение \"Средняя общеобразовательная школа №7\" Нижнекамского Муниципального района Республики Татарстан",null,"История"]
[199902,"401007_16505583571_21","МБОУ \"СОШ №7\" НМР РТ","Ахметова","Аделина","Ильнаровна","Ж","нет",7,7,41,100,"участник",null,"Сидорова Ольга Николаевна","Муниципальное бюджетное общеобразовательное учреждение \"Средняя общеобразовательная школа №7\" Нижнекамского Муниципального района Республики Татарстан",null,"История"]
[199903,"401007_16259125469_21","МБОУ \"СОШ №7\" НМР РТ","Баширова","Милена","Руслановна","Ж","нет",7,7,31,100,"участник",null,"Сидорова Ольга Николаевна","Муниципальное бюджетное общеобразовательное учреждение \"Средняя общеобразовательная школа №7\" Нижнекамского Муниципального района Республики Татарстан",null,"История"]
[199904,"401007_16042126820_21","МБОУ \"СОШ №7\" НМР РТ","Габдуллин","Амир","Айдарович","М","нет",7,7,28,100,"участник",null,"Сидорова Ольга Николаевна","Муниципальное бюджетное общеобразовательное учреждение \"Средняя общеобразовательная школа №7\" Нижнекамского Муниципального района Республики Татарстан",null,"История"]
[199905,"401007_15783918216_21","МБОУ \"СОШ №7\" НМР РТ","Гильманова","Рания","Камилевна","Ж","нет",7,7,33,100,"участник",null,"Сидорова Ольга Николаевна","Муниципальное бюджетное общеобразовательное учреждение \"Средняя общеобразовательная школа №7\" Нижнекамского Муниципального района Республики Татарстан",null,"История"]
[199906,"401007_16187822997_21","МБОУ \"СОШ №7\" НМР РТ","Гиниятуллина","Эвелина","Ренатовна","Ж","нет",7,7,28,100,"участник",null,"Сидорова Ольга Николаевна","Муниципальное бюджетное общеобразовательное учреждение \"Средняя общеобразовательная школа №7\" Нижнекамского Муниципального района Республики Татарстан",null,"История"]
[199907,"401007_15838034887_21","МБОУ \"СОШ №7\" НМР РТ","Егорова","Кристина","Алексеевна","Ж","нет",7,7,21,100,"участник",null,"Сидорова Ольга Николаевна","Муниципальное бюджетное общеобразовательное учреждение \"Средняя общеобразовательная школа №7\" Нижнекамского Муниципального района Республики Татарстан",null,"История"]
[199908,"401007_16134676260_21","МБОУ \"СОШ №7\" НМР РТ","Елисеева","Виктория","Сергеевна","Ж","нет",7,7,20,100,"участник",null,"Сидорова Ольга Николаевна","Муниципальное бюджетное общеобразовательное учреждение \"Средняя общеобразовательная школа №7\" Нижнекамского Муниципального района Республики Татарстан",null,"История"]
[199909,"401007_16241476250_21","МБОУ \"СОШ №7\" НМР РТ","Закиров","Амир","Ильнарович","М","нет",7,7,14,100,"участник",null,"Сидорова Ольга Николаевна","Муниципальное бюджетное общеобразовательное учреждение \"Средняя общеобразовательная школа №7\" Нижнекамского Муниципального района Республики Татарстан",null,"История"]
[199910,"401007_15877004897_21","МБОУ \"СОШ №7\" НМР РТ","Садретдинов","Марк","Ренатович","М","нет",8,8,50,100,"призер",null,"Гиниятуллина Альфия Танзильевна","Муниципальное бюджетное общеобразовательное учреждение \"Средняя общеобразовательная школа №7\" Нижнекамского Муниципального района Республики Татарстан",null,"История"]
[199911,"401007_15418597790_21","МБОУ \"СОШ №7\" НМР РТ","Караваев","Егор","Андреевич","М","нет",8,8,44,100,"участник",null,"Гиниятуллина Альфия Танзильевна","Муниципальное бюджетное общеобразовательное учреждение \"Средняя общеобразовательная школа №7\" Нижнекамского Муниципального района Республики Татарстан",null,"История"]
[199912,"401007_15527625474_21","МБОУ \"СОШ №7\" НМР РТ","Клюсов","Игорь","Игоревич","М","нет",8,8,41,100,"участник",null,"Гиниятуллина Альфия Танзильевна","Муниципальное бюджетное общеобразовательное учреждение \"Средняя общеобразовательная школа №7\" Нижнекамского Муниципального района Республики Татарстан",null,"История"]
[199913,"401007_17655065998_21","МБОУ \"СОШ №7\" НМР РТ","Коржева","Ульяна","Андреевна","Ж","нет",8,8,40,100,"участник",null,"Гиниятуллина Альфия Танзильевна","Муниципальное бюджетное общеобразовательное учреждение \"Средняя общеобразовательная школа №7\" Нижнекамского Муниципального района Республики Татарстан",null,"История"]
[199914,"401007_15443868384_21","МБОУ \"СОШ №7\" НМР РТ","Лапин","Константин","Александрович","М","нет",8,8,32,100,"участник",null,"Гиниятуллина Альфия Танзильевна","Муниципальное бюджетное общеобразовательное учреждение \"Средняя общеобразовательная школа №7\" Нижнекамского Муниципального района Республики Татарстан",null,"История"]
[199915,"401007_15677609816_21","МБОУ \"СОШ №7\" НМР РТ","Мелентьев","Максим","Андреевич","М","нет",8,8,25,100,"участник",null,"Гиниятуллина Альфия Танзильевна","Муниципальное бюджетное общеобразовательное учреждение \"Средняя общеобразовательная школа №7\" Нижнекамского Муниципального района Республики Татарстан",null,"История"]
[199916,"401007_15401150909_21","МБОУ \"СОШ №7\" НМР РТ","Одинаматова","Арина","Назаровна","Ж","нет",8,8,21,100,"участник",null,"Гиниятуллина Альфия Танзильевна","Муниципальное бюджетное общеобразовательное учреждение \"Средняя общеобразовательная школа №7\" Нижнекамского Муниципального района Республики Татарстан",null,"История"]
[199917,"401007_15386353282_21","МБОУ \"СОШ №7\" НМР РТ","Рагозина","Полина","Алексеевна","Ж","нет",8,8,20,100,"участник",null,"Гиниятуллина Альфия Танзильевна","Муниципальное бюджетное общеобразовательное учреждение \"Средняя общеобразовательная школа №7\" Нижнекамского Муниципального района Республики Татарстан",null,"История"]
[199918,"401007_15568608301_21","МБОУ \"СОШ №7\" НМР РТ","Русанова","Ульяна","Денисовна","Ж","нет",8,8,18,100,"участник",null,"Гиниятуллина Альфия Танзильевна","Муниципальное бюджетное общеобразовательное учреждение \"Средняя общеобразовательная школа №7\" Нижнекамского Муниципального района Республики Татарстан",null,"История"]
[199919,"401007_15351456249_21","МБОУ \"СОШ №7\" НМР РТ","Слепова","Ульяна","Андреевна","Ж","нет",8,8,15,100,"участник",null,"Гиниятуллина Альфия Танзильевна","Муниципальное бюджетное общеобразовательное учреждение \"Средняя общеобразовательная школа №7\" Нижнекамского Муниципального района Республики Татарстан",null,"История"]
[199920,"401007_15792573411_21","МБОУ \"СОШ №7\" НМР РТ","Шакуров","Артур","Якубович","М","нет",10,10,53,100,"призер",null,"Сидорова Ольга Николаевна","Муниципальное бюджетное общеобразовательное учреждение \"Средняя общеобразовательная школа №7\" Нижнекамского Муниципального района Республики Татарстан",null,"История"]
[199921,"401007_15635996411_21","МБОУ \"СОШ №7\" НМР РТ","Замураев","Роман","Дмитриевич","М","нет",10,10,40,100,"участник",null,"Сидорова Ольга Николаевна","Муниципальное бюджетное общеобразовательное учреждение \"Средняя общеобразовательная школа №7\" Нижнекамского Муниципального района Республики Татарстан",null,"История"]
[199922,"401007_14473179876_21","МБОУ \"СОШ №7\" НМР РТ","Лисицын","Максим","Викторович","М","нет",10,10,34,100,"участник",null,"Сидорова Ольга Николаевна","Муниципальное бюджетное общеобразовательное учреждение \"Средняя общеобразовательная школа №7\" Нижнекамского Муниципального района Республики Татарстан",null,"История"]
[199923,"401007_15835826905_21","МБОУ \"СОШ №7\" НМР РТ","Михайлова","Полина","Алексеевна","Ж","нет",10,10,30,100,"участник",null,"Сидорова Ольга Николаевна","Муниципальное бюджетное общеобразовательное учреждение \"Средняя общеобразовательная школа №7\" Нижнекамского Муниципального района Республики Татарстан",null,"История"]
[199924,"401007_14630121719_21","МБОУ \"СОШ №7\" НМР РТ","Мухамедзянова","Лиана","Артуровна","Ж","нет",10,10,20,100,"участник",null,"Сидорова Ольга Николаевна","Муниципальное бюджетное общеобразовательное учреждение \"Средняя общеобразовательная школа №7\" Нижнекамского Муниципального района Республики Татарстан",null,"История"]
[199925,"401007_15829897033_21","МБОУ \"СОШ №7\" НМР РТ","Карелин","Влад","Алексеевич","М","нет",10,10,18,100,"участник",null,"Сидорова Ольга Николаевна","Муниципальное бюджетное общеобразовательное учреждение \"Средняя общеобразовательная школа №7\" Нижнекамского Муниципального района Республики Татарстан",null,"История"]
[199926,"401007_15925917909_21","МБОУ \"СОШ №7\" НМР РТ","Коровина","Милана","Максимовна","Ж","нет",10,10,14,100,"участник",null,"Сидорова Ольга Николаевна","Муниципальное бюджетное общеобразовательное учреждение \"Средняя общеобразовательная школа №7\" Нижнекамского Муниципального района Республики Татарстан",null,"История"]
[199927,"401007_15909023977_21","МБОУ \"СОШ №7\" НМР РТ","Аминова","Амира","Маратовна","Ж","нет",10,10,12,100,"участник",null,"Сидорова Ольга Николаевна","Муниципальное бюджетное общеобразовательное учреждение \"Средняя общеобразовательная школа №7\" Нижнекамского Муниципального района Республики Татарстан",null,"История"]
[199928,"401007_15066068957_21","МБОУ \"СОШ №7\" НМР РТ","Нуриева","Динара","Эдуардовна","Ж","нет",10,10,11,100,"участник",null,"Сидорова Ольга Николаевна","Муниципальное бюджетное общеобразовательное учреждение \"Средняя общеобразовательная школа №7\" Нижнекамского Муниципального района Республики Татарстан",null,"История"]
[199929,"401007_16462395584_21","МБОУ \"СОШ №7\" НМР РТ","Хозяинов","Данил","Русланович","М","нет",10,10,10,100,"участник",null,"Сидорова Ольга Николаевна","Муниципальное бюджетное общеобразовательное учреждение \"Средняя общеобразовательная школа №7\" Нижнекамского Муниципального района Республики Татарстан",null,"История"]